| 000 | 01723nam a22003015i 4500 | ||
|---|---|---|---|
| 001 | 153552 | ||
| 003 | ES-MaACL | ||
| 005 | 20250728063131.0 | ||
| 008 | 990531s1748 be |||| | spa d | ||
| 100 | 1 |
_aDondino, Guillermo _c(S.I.) _9156218 |
|
| 245 | 1 | 0 |
_aGuerras de Flandes : _btercera decada, De lo que hizo en Francia Alexandro Farnese... / _cescriviola en latin el R.P. Guillelmo Dondino... ; y la traduxo... Melchor de Novar ; tomo III, part I. |
| 250 | _aNueva edicion, enriquecida de lindissimas estampas, en la qual se enmendaron essenciales erratas. | ||
| 260 |
_aEn Amberes : _bpor Marcos Miguel Bousquet y Compañia, _c1748. |
||
| 300 |
_a[2], 432 p., [1] h. de mapa pleg. : _bil. ; _c12º. |
||
| 530 | _aDisponible en formato digital. | ||
| 594 | _aLas décadas primera y segunda de las "Guerras de Flandes" las escribió Famiano Strada. | ||
| 597 | _aSign.: [ ]2, A-S12. | ||
| 597 | _aPort. a dos tintas. | ||
| 599 | _aIl. calc. de las Decadas de la Guerras de Flandes: "en la casa de Bousquet" | ||
| 599 | _aMapa pleg. de la expugnación de Lañi: "en casa de Bousquet" | ||
| 600 | 1 | 4 |
_aAlejandro Farnesio, _cDuque de Parma _9155121 |
| 651 | 0 |
_aPaíses Bajos- _xHistoria- _y1556-1648 (Guerras de la Independencia) _9241409 |
|
| 700 | 1 |
_aNovar, Melchor de _c(S.I.), _d1629-1707 _9130535 |
|
| 700 | 1 |
_aStrada, Famiano, _d1572-1649 _9132919 |
|
| 852 | 4 |
_aES-MaACL _jR-1499 _z- Enc. piel _z- Ex-libris de la Biblioteca del Rey N. Señor _zSello con la leyenda "Inventariado por las Cortes, 1874" _d- _x Olim: G-13943-49 |
|
| 856 | 4 |
_uhttp://bibliotecavirtualdefensa.es/BVMDefensa/es/consulta/registro.do?id=1622 _zBiblioteca Virtual de Defensa |
|
| 999 |
_c153552 _d153552 |
||